• 首页
  • 本馆介绍
  • 公告通知
  • 最新文献
  • 馆藏检索
  • 电子资源
  • 读者导购
  • 参考咨询
  • 我的图书馆
  • 登录
  • 详细信息显示
  • 放入我的书架
  • 预约/预借图书
  • 作者相关作品
  • 分类相关作品
  • 丛书相关作品
  • 出版社相关作品

书目信息

  • 表格格式
  • 工作单格式
  • 卡片格式
题名:
光荣与梦想
    
 
作者: 刘宝存 , 刘强 主编
分册:  
出版信息: 济南   山东教育出版社  2015
页数: 577页
开本: 24cm
丛书名: 中国比较教育研究50年
单 册:
中图分类: G40-059.3
科图分类:
主题词: 比较教育学--bi jiao jiao yu xue
电子资源:
ISBN: 978-7-5328-9159-7
000 01116nam 2200301 450
001 012001002804
005 20131031090448.0
010    @a978-7-5328-9159-7@dCNY59.00
099    @aCAL 012016022243
100    @a20160122d2015 em y0chiy50 ea
101 0  @achi
102    @aCN@b370000
105    @aa a 000yy
106    @ar
200 1  @a光荣与梦想@Aguang rong yu meng xiang@e世界一流大学建设@f主编刘宝存, 刘强
210    @a济南@c山东教育出版社@d2015
215    @a577页@c图@d24cm
225 2  @a中国比较教育研究50年@Azhong guo bi jiao jiao yu yan jiu 50nian
320    @a有书目
330    @a本书主要内容包括: 世界一流大学的理念和特征; 创建世界一流大学的政策与规划; 世界一流大学的人才培养; 世界一流大学的科学研究与社会服务; 世界一流大学的教师和学生; 世界一流大学的管理。
410  0 @12001@a中国比较教育研究50年
517 1  @a世界一流大学建设@Ashi jie yi liu da xue jian she
606 0  @a比较教育学@Abi jiao jiao yu xue
690    @aG40-059.3@v5
701  0 @a刘宝存@Aliu bao cun@4主编
701  0 @a刘强@Aliu qiang@4主编
801  2 @aCN@b江苏凤凰@c20191020
905    @b1230702-5@dG40-059.3@e1037@f4
    
    光荣与梦想:世界一流大学建设/主编刘宝存, 刘强.-济南:山东教育出版社,2015
    577页:图;24cm.-(中国比较教育研究50年)
    
    
    ISBN 978-7-5328-9159-7:CNY59.00
    本书主要内容包括: 世界一流大学的理念和特征; 创建世界一流大学的政策与规划; 世界一流大学的人才培养; 世界一流大学的科学研究与社会服务; 世界一流大学的教师和学生; 世界一流大学的管理。
●
相关链接 在E读中查询图书 在五车中查询图书 在当当中查询图书 在豆瓣中查询图书


正题名:光荣与梦想     索取号:G40-059.3/1037         预约/预借

序号 登录号 条形码 馆藏地/架位号 状态 备注
1 1230702   212307029   第一样本阅览室/ [索取号:G40-059.3/1037] 在馆    
2 1230703   212307038   教育系资料室/ [索取号:G40-059.3/1037] 在馆    
3 1230704   212307047   教育系资料室/ [索取号:G40-059.3/1037] 在馆    
4 1230705   212307056   第四借阅区/ [索取号:G40-059.3/1037] 在馆    
唐山师范学院图书馆 欢迎您!
大连网信软件有限公司© 版权所有